| 000 | 00919nam a2200265 i 4500 | ||
|---|---|---|---|
| 001 | 109722 | ||
| 003 | ES-MaACL | ||
| 005 | 20251010161546.0 | ||
| 007 | t| | ||
| 008 | 061121s1971 sp r ||||1| spa d | ||
| 080 | _a929 Vidal y Barraquer, Francisco de Asís, cardenal | ||
| 080 | _a32(460)"1923/39" | ||
| 100 | 1 |
_aMuntanyola, Ramón. _984243 |
|
| 245 | 1 | 0 |
_aVidal i Barraquer, el cardenal de la paz / _cRamón Muntanyola ; versión castellana y adaptación de Víctor Manuel Arbeloa. |
| 250 | _a1ª ed. | ||
| 260 |
_aBarcelona : _bEstala, _c1971. |
||
| 300 |
_a514 p., 8 lám. ; _c20 cm. |
||
| 490 | 1 | _aCristianismo y tiempo | |
| 600 | 1 | 4 |
_aVidal i Barraquer, Francesc, _d1868-1943 _9175693 |
| 651 | 4 |
_aEspaña- _xHistoria- _y1902-1931, Alfonso XIII _98276 |
|
| 700 | 1 |
_aArbeloa, Víctor Manuel. _922388 |
|
| 830 | 1 |
_aCristianismo y tiempo _9181569 |
|
| 852 | 4 |
_aES-MaACL _jC-49501 |
|
| 999 |
_c109722 _d109722 |
||